O burze sa oplatí aj len uvažovať

Pri hľadaní kapitálu na rozvoj podnikania má význam, aby firma posúdila alternatívne formy financovania.

Saved in:
Bibliographic Details
Main Author: Jesný, Martin
Format: Book Chapter
Language:Slovak
Subjects:
Tags: Add Tag
No Tags, Be the first to tag this record!

MARC

LEADER 00000naa a2200000 4500
001 0157032
005 20231113075856.7
041 0 |a slo 
044 |a SK 
245 1 0 |a O burze sa oplatí aj len uvažovať  |c Martin Jesný 
520 |a Pri hľadaní kapitálu na rozvoj podnikania má význam, aby firma posúdila alternatívne formy financovania. 
610 2 0 |a podnikanie 
610 2 0 |a financovanie 
610 2 0 |a trh kapitálový 
100 1 |a Jesný, Martin